The empty canvas / (Record no. 118546)
[ view plain ]
| 000 -LEADER | |
|---|---|
| fixed length control field | 00738cam a2200265 a 4500 |
| 001 - CONTROL NUMBER | |
| control field | 85930 |
| 003 - CONTROL NUMBER IDENTIFIER | |
| control field | ARRUPE |
| 005 - DATE AND TIME OF LATEST TRANSACTION | |
| control field | 20131106135050.0 |
| 008 - FIXED-LENGTH DATA ELEMENTS--GENERAL INFORMATION | |
| fixed length control field | 820706c19731961nyu 000 1 eng d |
| 010 ## - LIBRARY OF CONGRESS CONTROL NUMBER | |
| LC control number | 61017265 |
| 035 ## - SYSTEM CONTROL NUMBER | |
| System control number | (OCoLC)1905721 |
| 035 ## - SYSTEM CONTROL NUMBER | |
| System control number | (OCoLC)ocm01905721 |
| 035 ## - SYSTEM CONTROL NUMBER | |
| System control number | (CStRLIN)NYCG82-B28662 |
| 035 ## - SYSTEM CONTROL NUMBER | |
| System control number | (NNC)85930 |
| 040 ## - CATALOGING SOURCE | |
| Original cataloging agency | NNC |
| Transcribing agency | NNC |
| 041 1# - LANGUAGE CODE | |
| Language code of text/sound track or separate title | eng |
| Language code of original and/or intermediate translations of text | ita |
| 090 ## - LOCALLY ASSIGNED LC-TYPE CALL NUMBER (OCLC); LOCAL CALL NUMBER (OCLC) | |
| Classification number (OCLC) (R) ; Classification number, CALL (RLIN) (NR) | PQ4829.O62 |
| Local cutter number (OCLC) ; Book number/undivided call number, CALL (RLIN) | N613 1973 |
| 300 ## - PHYSICAL DESCRIPTION | |
| Dimensions | 18 cm. |
| 100 1# - MAIN ENTRY--PERSONAL NAME | |
| Personal name | Moravia, Alberto, |
| Dates associated with a name | 1907-1990. |
| 9 (RLIN) | 3377 |
| 240 10 - UNIFORM TITLE | |
| Uniform title | <a href="Noia.">Noia.</a> |
| Language of a work | English |
| 245 14 - TITLE STATEMENT | |
| Title | The empty canvas / |
| Statement of responsibility, etc | Alberto Moravia ; translated by Angus Davidson. |
| 260 ## - PUBLICATION, DISTRIBUTION, ETC. (IMPRINT) | |
| Place of publication, distribution, etc | New York, N.Y. : |
| Name of publisher, distributor, etc | Manor Books, |
| Date of publication, distribution, etc | 1973, c1961. |
| 300 ## - PHYSICAL DESCRIPTION | |
| Extent | 306 p. ; |
| 942 ## - ADDED ENTRY ELEMENTS (KOHA) | |
| Source of classification or shelving scheme | Library of Congress Classification |
| Koha item type | Monograph ( Printed materials) |
| Withdrawn status | Lost status | Source of classification or shelving scheme | Damaged status | Not for loan | Home library | Current library | Date acquired | Total Checkouts | Full call number | Barcode | Date last seen | Price effective from | Koha item type |
|---|---|---|---|---|---|---|---|---|---|---|---|---|---|
| Library of Congress Classification | ARRUPE LIBRARY | ARRUPE LIBRARY | 06/11/2013 | PQ4829.O62E4 1982 | 46411163 | 06/11/2013 | 06/11/2013 | Monograph ( Printed materials) |